Responses for show #8063 - Wednesday, October 2, 2019

Contestants

[<< previous game]

Bill Sikov, a medical oncologist from Providence, Rhode Island

Julie Triba, a quality assurance analyst from Washington, D.C.

Kevin Boettcher, a university administrator from Binghamton, New York (whose 1-day cash winnings total $23,000)

[next game >>]

Jeopardy! Round responses

TV OR NOT TV
UNTRUE DETECTIVE
THE WORKING DEAD
RANGER THINGS
THIS IS "SU"
THE NOT-SO-GOOD DOCTOR
    $200 28
The Office

Kevin
    $200 30
(Kevin: Who is Miss Marple?)

Hercule Poirot

KevinBill
    $200 29
(Bill: What is Levis?)

Levi Strauss

KevinBill
    $200 27
an aircraft carrier

Kevin
    $200 16
sudden death

Julie
    $200 7
life insurance

Kevin
    $400 21
Jennifer Aniston

Kevin
    $400 10
(Kevin: Who is Morse?)

Sherlock Holmes

Kevin
Triple Stumper
    $400 11
Colgate

Kevin
    $400 26
the Moon

Bill
    $400 17
subdivide

Kevin
    $400 3
Yugoslavia

Bill
    $600 9
(Jordan) Peele

Bill
    $600 8
Nancy Drew

Kevin
    $600 20
blue ribbons

Julie
    $600 12
Madison Square Garden

Kevin
    $600 25
summit

Kevin
    $600 4
Scotland Yard

Kevin
    $800 1
Nicole Kidman

Triple Stumper
    $2,400 15
The Big Sleep

Bill
    $800 18
(Kevin: Who is Dow?)

du Pont

Kevin
Triple Stumper
    $800 13
Rosie the Riveter

Kevin
    $800 24
suave

Kevin
    $800 5
Mengele

Bill
    $1000 2
Bradley Cooper

Bill
    $1000 22
Kinsey Millhone

Julie
    $1000 19
(Kevin: Who is Jack Daniels?)
(Bill: Who is Johnnie Walker?)
...
(Julie: The other one.)

Jim Beam

KevinBill
Triple Stumper
    $1000 14
(Julius) Rosenberg

Bill
    $1000 23
(Julie: [Without ringing in] What is a sulk?)
(Bill: What is a sulk?)
(Alex: No.)
(Bill: Or [*]?)

sulky

Bill
Triple Stumper
    $1000 6
grave-robbing

Bill

Scores at the first commercial break (after clue 15):

Kevin Julie Bill
$2,800 $0 $7,200

Scores at the end of the Jeopardy! Round:

Kevin Julie Bill
$3,600 $1,800 $5,600

Double Jeopardy! Round responses

NOTRE DAME CATHEDRAL
GOVERNMENT & POLITICS
PART-TIME WRITERS
THE NEAREST OTHER NATIONAL CAPITAL
THE 17th CENTURY
A NAME LIES WITHIN THE WORD
    $400 17
Victor Hugo

Kevin
    $400 22
Watergate

Kevin
    $400 11
Arnold Schwarzenegger

Kevin
    $400 24
(Bill: [*]. What is [*]?)
(Alex: Thank you.)

Washington, D.C.

Bill
    $400 3
James I

Kevin
    $400 23
[Laughter]

hijack

Kevin
    $800 20
the Crown of Thorns

Bill
    $800 7
Padma Lakshmi

Julie
    $800 16
Wellington, New Zealand

Julie
    $800 2
Galileo

Julie
    $800 19
a cappella

Bill
    $1200 21
(Alex: With less than a minute now.)

the Huguenots

Kevin
    $1200 12
(Chuck) Grassley

Kevin
    $1200 8
Emma Thompson

Julie
    $4,000 5
Brussels (Belgium)

Kevin
    $1,800 1
tobacco

Julie
    $1200 13
(Bill: What is wallet?)
...
(Alex: I thought, Bill, you were gonna get that for sure.)
[Laughter]

a billfold

KevinBill
    $1600 26
[The end-of-round signal sounds.]

Medicare

Bill
    $1600 9
The Wonder Years

Julie
    $1600 4
Lisbon, Portugal

Triple Stumper
    $1600 15
a shogunate

Bill
    $1600 14
a stevedore

Bill
    $2000 25
the Mugwumps

Triple Stumper
    $2000 10
Inside the Actors Studio

Julie
    $2000 6
Seoul, Korea

Bill
    $2000 18
ambergris

Kevin

Scores at the end of the Double Jeopardy! Round:

Kevin Julie Bill
$15,200 $10,800 $13,200

[wagering suggestions for these scores]

Final Jeopardy! Round responses

ANIMAL AKAs
JulieWhat is the
$6,000
BillWhat is a sturgeon?
$8,410
KevinWhat is the sturgeon?
$11,201
sturgeon

Final scores:

Kevin Julie Bill
$26,401 $4,800 $21,610
2-day champion: $49,401 3rd place: $1,000 2nd place: $2,000

Game dynamics:

Coryat scores:

Kevin Julie Bill
$12,400 $10,200 $11,600
23 R
(including 1 DD),
4 W
10 R
(including 1 DD),
0 W
16 R
(including 1 DD),
4 W

Combined Coryat: $34,200

The J! Archive is created by fans, for fans. The Jeopardy! game show and all elements thereof, including but not limited to copyright and trademark thereto, are the property of Jeopardy Productions, Inc. and are protected under law. This website is not affiliated with, sponsored by, or operated by Jeopardy Productions, Inc. Join the discussion at JBoard.tv.